LEADER 00985nam a2200229 i 4500 001 000000052112 003 CaOOAMICUS 005 20100728000000.0 008 100728s1919 xx u000 u lat u 013 $a23284 040 $aSeMil$bita 100 1 $aChelodi, Giovanni <1882-1922>.$0(OLS)http://semarc/name/25734 245 10$aIus Matrimoniale :$biuxta codicem iuris canonici /$cGiovanni Chelodi. 260 $aTridenti :$bTridentum,$c1919. 300 $aVII; 230 p. ;$c24 cm. 500 $aCon lettera autografa dell'autore sac. Chelodi Giovanni. 650 4$aMatrimonio - Diritto canonico.$0(OLS)http://semarc/subject/1701 650 4$aCodex iuris canonici <1917>.$0(OLS)http://semarc/subject/57797 850 $aSeMil 852 $aSeMil$W1$xVenegono$y1$m2H VII 13$j262651$B18267$CSeMilBibl$Z2$F18268 $81 996 $6245$aIus Matrimoniale :$biuxta codicem iuris canonici$9(OLS)http://semarc/title/79912 996 $6260$aTridenti :$bTridentum$9(OLS)http://semarc/publisher/41423 LEADER 00900nam a2200193 i 4500 001 000000054553 003 CaOOAMICUS 005 19970522000000.0 008 970522n it u000 u ita u 013 $a25725 040 $aSeMil$bita 100 1 $aOcchialini, Umberto,$d<1930- >.$0(OLS)http://semarc/name/22512 245 13$aLa speranza nelle "Enarrationes in Psalmos" di S. Agostino. Roma :$bPontificia Università Lateranense, 1965. 600 04$aAgostino, Aurelio .$0(OLS)http://semarc/subject/1856 650 4$aTesi di laurea.$0(OLS)http://semarc/subject/1690 650 4$aSperanza.$0(OLS)http://semarc/subject/7859 850 $aSeMil 852 $aSeMil$W1$xVenegono$y1$m2I I 601$j20707$B20707$CSeMilBibl$Z2$F20709 $81 996 $6245$aLa speranza nelle "Enarrationes in Psalmos" di S. Agostino. Roma :$bPontificia Università Lateranense, 1965.$9(OLS)http://semarc/title/84461